| 000 | 00754nam a2200205Ii 4500 | ||
|---|---|---|---|
| 003 | JO-AjNU | ||
| 008 | 230605s9999||||xx |||||||||||||| ||und|| | ||
| 040 |
_aJO-AjNU _bara _erda _cJO-AjNU |
||
| 041 | _aara | ||
| 050 | 1 | 4 | _aDS51.B3 2004 |
| 100 | 3 |
_aتاليف عبادة، عبد الحميد؛ تحقيق وتعليق رؤوف، عماد عبد السلام, _eauthor _916035 |
|
| 245 | 0 | 0 | _aالعقد اللامع بأثار بغداد والمساجد والجوامع |
| 250 | _aط1 | ||
| 264 | 3 | 1 | _aبغداد: انوار دجلة، 2004 |
| 300 | _a543ص | ||
| 336 |
_atext _btxt _2rdacontent |
||
| 337 |
_aunmediated _bn _2rdamedia |
||
| 338 |
_avolume _bnc _2rdacarrier |
||
| 650 | 4 |
_aالعراق- بغداد- تاريخ الاسلامي _916036 |
|
| 999 |
_aA4664 _c8232 _d8232 |
||